Những nền văn minh thế giới

保存先:
書誌詳細
第一著者: Congshu, Shijie
フォーマット: 図書
言語:Undetermined
出版事項: Hà Nội Văn học 2004
主題:
タグ: タグ追加
タグなし, このレコードへの初めてのタグを付けませんか!
Thư viện lưu trữ: Trung tâm Học liệu Trường Đại học Cần Thơ
LEADER 00521nam a2200193Ia 4500
001 CTU_91682
008 210402s9999 xx 000 0 und d
020 |c 62000 
082 |a 909 
082 |b C749 
100 |a Congshu, Shijie 
245 0 |a Những nền văn minh thế giới 
245 0 |c Shijie Congshu 
260 |a Hà Nội 
260 |b Văn học 
260 |c 2004 
650 |a World civilization,World history 
904 |i Năm 
980 |a Trung tâm Học liệu Trường Đại học Cần Thơ